00674nam a2200229Ia 4500003000400000005001700004008004100021020001800062040001800080041000800098082002500106245008700131250001200218260003800230300002700268650001800295650002400313700002700337700002800364700002800392700002400420OSt20250122114416.0210716s2012 xx 000 0 und d a9789350620014 cAIMIT LIBRARY aeng a001.072658 21bKUNS aBusiness management :bkey research issues /cEdited by Subhash C Kundu...[et.al]. a1st ed. aNew Delhi :bExcel Books ,c2012. ax,833p. ;bPBc25.1 cm aFinance- area aMiscellaneous- area aKundu, Subhash C., ed. aPunia, Bijender K., ed. aNarwal, Karam Pal., ed. aSingh, Dalbir., ed.